[Event "World Rapid Women 2016"]
[Site "Doha QAT"]
[Date "2016.12.27"]
[Round "6.5"]
[White "Ju, Wenjun"]
[Black "Goryachkina, Aleksandra"]
[Result "1/2-1/2"]
[WhiteTitle "GM"]
[BlackTitle "WGM"]
[WhiteElo "2579"]
[BlackElo "2466"]
[WhiteFideId "8603006"]
[BlackFideId "4147103"]
[EventDate "2016.12.26"]

1. d4 Nf6 2. Nf3 e6 3. Bf4 c5 4. c3 d5 5. e3 Nc6 6. Nbd2 Bd6 7. Bg3 O-O 8. Bb5
Be7 9. Bd3 h6 10. Ne5 Qb6 11. Rb1 Bd7 12. O-O Rfd8 13. Qe2 Nxe5 14. dxe5 Ne8 15.
e4 Nc7 16. c4 dxe4 17. Qxe4 g6 18. Qe3 Bc6 19. Ne4 Ne8 20. Bf4 Rd4 21. Bxh6 Rad8
22. Bc2 Rxc4 23. Nc3 Rg4 24. Be4 Rd4 25. f3 Rh4 26. Bxc6 Qxc6 27. Bg5 Bxg5 28.
Qxg5 c4 29. f4 Rh5 30. Qg3 Ng7 31. Qf2 Rd3 32. Rfd1 g5 33. fxg5 Rxg5 34. Rxd3
cxd3 35. Rd1 Rxe5 36. Rxd3 Nf5 37. h3 Qc5 38. Qxc5 Rxc5 39. a3 a6 40. Rd7 b5 41.
Kf2 Kf8 42. g4 Ne7 43. Ke3 a5 44. Kd4 Rc4+ 45. Kd3 Nc6 46. Rb7 Ne5+ 47. Ke3 b4
48. Ne4 bxa3 49. bxa3 Ra4 50. Nd6 Nc4+ 51. Nxc4 Rxc4 52. Rb3 Kg7 53. Kd3 Rf4 54.
Ke3 Ra4 55. Kf3 Kg6 56. Re3 Kg5 57. Kg3 Rc4 58. Re5+ f5 59. Rxa5 Rc3+ 60. Kg2
Rc2+ 61. Kg3 Rc3+ 1/2-1/2

[Event "World Rapid Women 2016"]
[Site "Doha QAT"]
[Date "2016.12.27"]
[Round "6.6"]
[White "Javakhishvili, Lela"]
[Black "Tan, Zhongyi"]
[Result "1-0"]
[WhiteTitle "IM"]
[BlackTitle "WGM"]
[WhiteElo "2461"]
[BlackElo "2496"]
[WhiteFideId "13601458"]
[BlackFideId "8603642"]
[EventDate "2016.12.26"]

1. c4 e5 2. Nc3 Nf6 3. Nf3 Nc6 4. a3 d5 5. cxd5 Nxd5 6. Qc2 Be7 7. e3 Be6 8. Bb5
f6 9. Ne4 O-O 10. Nc5 Bxc5 11. Qxc5 Qd6 12. Qc2 Nce7 13. d4 exd4 14. Nxd4 Bf7
15. Bd3 Bg6 16. e4 Nb6 17. Be3 a6 18. O-O Rac8 19. b4 c5 20. bxc5 Rxc5 21. Nf5
Rxc2 22. Nxd6 Rc3 23. Rfd1 Rd8 24. Bxb6 Rxd6 25. Bc4+ Rxc4 26. Rxd6 Bxe4 27. Rd4
Rxd4 28. Bxd4 Kf7 29. f3 Bc6 30. Kf2 Nd5 31. h4 Nf4 32. g3 Nd5 33. g4 h6 34. Kg3
g5 35. Re1 Nf4 36. Be3 Nd3 37. Rf1 Bb5 38. Rd1 Ne5 39. Rc1 gxh4+ 40. Kxh4 Nxf3+
41. Kg3 Ne5 42. Bxh6 Ke6 43. Bf4 Ng6 44. Re1+ Kf7 45. Bd6 Bc6 46. Re3 Kg7 47.
Bc7 Kf7 48. Bd8 Bd5 49. Rd3 Be4 50. Rd6 f5 51. g5 f4+ 52. Kg4 f3 53. Bb6 Ne7 54.
Rf6+ Kg8 55. Bc5 Nc6 56. Kf4 Bd5 57. Rd6 Ne7 58. Rd8+ Kf7 59. Rd7 f2 60. Rxe7+ 1-0

[Event "World Rapid Women 2016"]
[Site "Doha QAT"]
[Date "2016.12.27"]
[Round "6.8"]
[White "Paehtz, Elisabeth"]
[Black "Kashlinskaya, Alina"]
[Result "0-1"]
[WhiteTitle "IM"]
[BlackTitle "IM"]
[WhiteElo "2463"]
[BlackElo "2429"]
[WhiteFideId "4641833"]
[BlackFideId "4198026"]
[EventDate "2016.12.26"]

1. e4 e6 2. d4 d5 3. Nc3 Nf6 4. e5 Nfd7 5. f4 c5 6. Nce2 Nc6 7. Nf3 Be7 8. c3
O-O 9. a3 f6 10. Ng3 fxe5 11. dxe5 Qb6 12. Bd3 c4 13. Bc2 Nc5 14. Qe2 Bd7 15.
Be3 Qxb2 16. Bxh7+ Kxh7 17. Ng5+ Bxg5 18. Qh5+ Bh6 19. O-O Ne4 20. Nxe4 dxe4 21.
f5 exf5 22. Bxh6 gxh6 23. Rad1 Qb6+ 24. Kh1 Nxe5 25. Rd5 Qg6 26. Qh4 Rg8 27. g3
Rae8 28. Rfd1 Bc6 0-1

[Event "World Rapid Women 2016"]
[Site "Doha QAT"]
[Date "2016.12.27"]
[Round "6.9"]
[White "Saduakassova, Dinara"]
[Black "Harika, Dronavalli"]
[Result "1/2-1/2"]
[WhiteTitle "WGM"]
[BlackTitle "GM"]
[WhiteElo "2428"]
[BlackElo "2543"]
[WhiteFideId "13700090"]
[BlackFideId "5015197"]
[EventDate "2016.12.26"]

1. d4 Nf6 2. c4 g6 3. Nc3 d5 4. Nf3 Bg7 5. cxd5 Nxd5 6. e3 O-O 7. Bc4 Nb6 8. Be2
a5 9. O-O a4 10. e4 Bg4 11. Be3 a3 12. b3 Nc6 13. Nb5 Ra5 14. Qd2 Bxf3 15. gxf3
Rxb5 16. Bxb5 Nxd4 17. Bxd4 Bxd4 18. Rad1 e5 19. f4 Qh4 20. Kh1 c5 21. Qa5 Nc8
22. Qxa3 Nd6 23. Bd3 Qxf4 24. f3 Qf6 25. Qc1 b5 26. f4 exf4 27. Qxf4 Qe7 28. Bb1
Be5 29. Qf2 c4 30. Rd5 Rc8 31. Bc2 Kg7 32. Qf3 Re8 33. a4 cxb3 34. Bxb3 Qh4 35.
Qg2 bxa4 36. Ba2 Re7 37. Ra5 Nxe4 38. Rxa4 Ng3+ 39. Qxg3 Bxg3 40. Rxh4 Bxh4 41.
Bd5 f5 42. Rb1 Kf6 43. Rb7 Re1+ 44. Kg2 Re2+ 45. Kh3 g5 46. Rb6+ Ke7 47. Bc4 Rc2
48. Be6 Rc5 49. Bg8 h5 50. Rb7+ Kf6 51. Bf7 Rc3+ 52. Kg2 Rc2+ 53. Kh1 g4 54.
Bxh5 Kg5 55. Be8 Rc1+ 56. Kg2 Rc2+ 57. Kh1 Bf2 58. Bd7 Bc5 59. Rb1 Bd6 60. Rf1
Bf4 61. h4+ gxh3 62. Rg1+ Kf6 63. Rf1 Rc4 64. Bb5 Rb4 65. Bd7 Rd4 66. Bc8 Ra4
67. Bd7 Rc4 68. Bb5 Rd4 69. Rf3 h2 70. Rf1 Kg5 71. Ba6 Bg3 72. Bb7 f4 73. Bf3
Rc4 74. Bg2 Rb4 75. Bf3 Ra4 76. Bg2 Ra3 77. Bf3 Kh4 78. Bg2 Kg4 79. Bf3+ Kh4 80.
Bg2 Ra2 81. Be4 Rb2 82. Bd5 Rd2 83. Be4 Kg5 84. Bf3 Kf6 85. Bg2 Ke5 86. Bb7 Kd4
87. Bg2 Kc3 88. Bf3 Kb2 89. Be4 Re2 90. Bf3 Rc2 91. Be4 Rc1 92. Rxc1 Kxc1 93.
Bb7 Kd2 94. Bc6 Ke3 95. Bb7 1/2-1/2

[Event "World Rapid Women 2016"]
[Site "Doha QAT"]
[Date "2016.12.27"]
[Round "6.10"]
[White "Geldiyeva, Mahri"]
[Black "Khademalsharieh, Sarasadat"]
[Result "0-1"]
[WhiteTitle "WGM"]
[BlackTitle "IM"]
[WhiteElo "2220"]
[BlackElo "2438"]
[WhiteFideId "14000059"]
[BlackFideId "12512214"]
[EventDate "2016.12.26"]

1. d4 Nf6 2. Nf3 e6 3. g3 d5 4. Bg2 c5 5. c3 Nc6 6. O-O Be7 7. Ne5 Qb6 8. e3 O-O
9. Nd2 Nxe5 10. dxe5 Nd7 11. f4 f6 12. exf6 Nxf6 13. e4 d4 14. e5 Nd5 15. Ne4
dxc3 16. bxc3 c4+ 17. Kh1 Bd7 18. f5 Rad8 19. f6 gxf6 20. Bh6 f5 21. Bxf8 Rxf8
22. Nf6+ Bxf6 23. exf6 Bc6 24. Qe2 Ne3 25. Bxc6 Qxc6+ 26. Rf3 Nd5 27. Re1 Rxf6
28. Qe5 Rg6 29. Kg2 Kf7 30. h4 Rg4 31. Kh3 Nf6 32. Rf4 Rg8 33. h5 Rg5 34. h6 Nh5
35. Re3 Qh1# 0-1

[Event "World Rapid Women 2016"]
[Site "Doha QAT"]
[Date "2016.12.27"]
[Round "6.12"]
[White "Zhu, Chen"]
[Black "Zhao, Xue"]
[Result "0-1"]
[WhiteTitle "GM"]
[BlackTitle "GM"]
[WhiteElo "2419"]
[BlackElo "2504"]
[WhiteFideId "8600546"]
[BlackFideId "8601283"]
[EventDate "2016.12.26"]

1. d4 Nc6 2. c4 e5 3. d5 Nce7 4. e4 Nf6 5. f3 Ng6 6. Be3 h5 7. h4 Bb4+ 8. Nd2 b6
9. Qa4 a5 10. a3 Bd6 11. Ne2 O-O 12. Nc3 Ba6 13. g3 Re8 14. Bh3 Qe7 15. Bg5 Bc5
16. O-O-O Bd4 17. Nb5 Bxb5 18. cxb5 Bf2 19. Nf1 Qc5+ 20. Qc2 Nf8 21. Kb1 N6h7
22. Bc1 a4 23. Qxc5 Bxc5 24. Bd2 Red8 25. Ne3 Nf6 26. Nc4 d6 27. Rdf1 Re8 28.
Bc3 N8d7 29. Kc2 Nf8 30. Kd3 Ng6 31. Rh2 Ne7 32. f4 Ng6 33. Bf5 Ne7 34. fxe5
Nxf5 35. Rxf5 Ng4 36. Re2 g6 37. Rf1 dxe5 38. Bd2 Kg7 39. Bc3 f6 40. Kd2 Rad8
41. Kc2 Rd7 42. Rf3 Rde7 43. Kc1 Bd4 44. Kc2 Bc5 45. Kc1 Nh6 46. Re1 Ng4 47. Re2
Rf7 48. Kc2 Kg8 49. Re1 Kf8 50. Re2 f5 51. Rf1 Ree7 52. exf5 e4 53. f6 Re8 54.
Rf4 e3 55. Kd3 Nf2+ 56. Kc2 Ne4 57. Ne5 Nxc3 58. Nxg6+ Kg8 59. Kxc3 Kh7 60. Ne7
Bd6 61. Re4 Rxf6 62. R2xe3 Rf1 63. Nc6 Rxe4 64. Rxe4 Rc1+ 65. Kd2 Rc5 66. g4
Rxb5 67. Rxa4 Rxb2+ 68. Kc3 Rb5 69. gxh5 Rxd5 70. Kb3 Rd3+ 71. Kb2 Kh6 72. Nb4
Rd4 73. Ra7 Kxh5 74. Nc6 Rxh4 75. a4 Rc4 76. Nd8 Be5+ 77. Kb3 Rc3+ 78. Kb4 Rc1
79. a5 Bc3+ 80. Kb5 Bxa5 81. Nb7 Bd2 82. Ra2 Bf4 83. Rg2 Kh4 84. Rg7 Bg5 85. Ka6
Kg4 86. Nd8 Kf5 87. Nf7 Kf6 88. Rxg5 Kxf7 89. Re5 Kf6 90. Re8 Rc5 91. Re1 Re5
92. Rc1 Ra5+ 93. Kb7 Rc5 94. Re1 b5 95. Ka6 c6 96. Ka5 Rc4 97. Re8 Kf5 98. Re7
b4 99. Ka4 c5 100. Kb3 Rc3+ 101. Kb2 Kf4 102. Re8 Rd3 103. Rc8 Rd5 104. Kb3 Rd3+
105. Kb2 Rc3 106. Re8 Kf3 107. Re7 Re3 108. Rc7 Re5 109. Kb3 Ke3 110. Kc4 Kd2
111. Rh7 Re4+ 112. Kd5 Rg4 113. Rh2+ Kc3 114. Rh3+ Kb2 0-1

[Event "World Rapid Women 2016"]
[Site "Doha QAT"]
[Date "2016.12.27"]
[Round "6.13"]
[White "Charochkina, Daria"]
[Black "Abdumalik, Zhansaya"]
[Result "1-0"]
[WhiteTitle "IM"]
[BlackTitle "WGM"]
[WhiteElo "2383"]
[BlackElo "2405"]
[WhiteFideId "4180917"]
[BlackFideId "13703544"]
[EventDate "2016.12.26"]

1. d4 Nf6 2. Bf4 g6 3. e3 Bg7 4. h3 d6 5. Nd2 O-O 6. Ngf3 Nbd7 7. Bd3 Qe8 8. Bh2
e5 9. dxe5 dxe5 10. Bb5 c6 11. Bc4 Qe7 12. O-O b6 13. a4 a6 14. c3 Bb7 15. Qc2
c5 16. e4 Bc6 17. Qd3 Rad8 18. Qe2 a5 19. Bb5 Bb7 20. Rfe1 Bh6 21. Nc4 Nxe4 22.
Nfxe5 Nxe5 23. Bxe5 Nd2 24. Nxb6 Bxg2 25. Kxg2 Qb7+ 26. f3 Qxb6 27. Rad1 Qb7 28.
Kf2 Qc8 29. Kg2 Qf5 30. Bc7 Rc8 31. Bg3 Rfd8 32. Qf2 c4 33. Re2 Rd3 34. Rexd2
Bxd2 35. Rxd2 Rcd8 36. Re2 Qc8 37. b3 Rxc3 38. Bxc4 Qb7 39. Be5 Rc1 40. Bb2 Rcd1
41. Qe3 Qc7 42. Qh6 Rg1+ 43. Kxg1 Qg3+ 44. Rg2 Rd1+ 45. Bf1 Rxf1+ 46. Kxf1 Qxf3+
47. Kg1 Qd1+ 48. Kh2 Qd6+ 49. Rg3 f6 50. Qe3 Kg7 51. Qd3 Qc7 52. Qc3 Qd6 53.
Qxf6+ 1-0

[Event "World Rapid Women 2016"]
[Site "Doha QAT"]
[Date "2016.12.27"]
[Round "6.14"]
[White "Purtseladze, Maka"]
[Black "Zhukova, Natalia"]
[Result "0-1"]
[WhiteTitle "IM"]
[BlackTitle "GM"]
[WhiteElo "2347"]
[BlackElo "2440"]
[WhiteFideId "13602659"]
[BlackFideId "14101513"]
[EventDate "2016.12.26"]

1. d4 Nf6 2. Nf3 d5 3. Bf4 c5 4. e3 Nc6 5. c3 Qb6 6. Qb3 c4 7. Qc2 Bf5 8. Qc1 h6
9. h3 e6 10. Nbd2 Rc8 11. Be2 Qd8 12. O-O Bd6 13. Ne5 Bxe5 14. Bxe5 Nxe5 15.
dxe5 Nd7 16. f4 O-O 17. Nf3 Nc5 18. Nd4 Bh7 19. Qd2 Qb6 20. Bd1 Bd3 21. Re1 f6
22. exf6 gxf6 23. Bf3 Kh8 24. b4 Ne4 25. Bxe4 Bxe4 26. Kh2 e5 27. Nf3 Rg8 28.
Qf2 Qc7 29. Nh4 Rg7 30. fxe5 Qxe5+ 31. Qf4 Qxc3 32. Qxh6+ Rh7 33. Qf4 Rg8 34.
Rf1 Qb2 35. Rg1 Qe5 36. Qxe5 fxe5 37. Nf3 Bxf3 38. gxf3 Rxg1 39. Rxg1 d4 40.
exd4 exd4 41. Rc1 b5 42. Kg3 d3 43. Kf4 d2 44. Rh1 Rd7 0-1

[Event "World Rapid Women 2016"]
[Site "Doha QAT"]
[Date "2016.12.27"]
[Round "6.15"]
[White "Krivec, Jana"]
[Black "Gvetadze, Sofio"]
[Result "0-1"]
[WhiteTitle "WGM"]
[BlackTitle "IM"]
[WhiteElo "2264"]
[BlackElo "2283"]
[WhiteFideId "14601982"]
[BlackFideId "13601440"]
[EventDate "2016.12.26"]

1. e4 Nf6 2. Nc3 e5 3. Bc4 d6 4. d3 Be6 5. Bxe6 fxe6 6. f4 Nc6 7. Nf3 exf4 8.
Bxf4 e5 9. Bg5 Be7 10. O-O Qd7 11. Nd5 Nxd5 12. exd5 Nb4 13. c4 O-O 14. a3 Na6
15. b4 Rxf3 16. Qxf3 Bxg5 17. Qg3 Qe7 18. Rae1 Bh4 19. Qg4 Bxe1 20. Rxe1 Rf8 21.
Rf1 Rxf1+ 22. Kxf1 Qe8 23. h4 Nb8 24. h5 h6 25. Ke2 Nd7 26. Qf3 Nf6 27. g4 Qd7
28. g5 hxg5 0-1

[Event "World Rapid Women 2016"]
[Site "Doha QAT"]
[Date "2016.12.27"]
[Round "6.16"]
[White "Arabidze, Meri"]
[Black "Ovezdurdiyeva, Jemal"]
[Result "1-0"]
[WhiteTitle "IM"]
[BlackTitle "WFM"]
[WhiteElo "2379"]
[BlackElo "2080"]
[WhiteFideId "13604040"]
[BlackFideId "14001888"]
[EventDate "2016.12.26"]

1. d4 Nf6 2. c4 g6 3. Nf3 Bg7 4. g3 O-O 5. Bg2 c6 6. Nc3 d5 7. cxd5 cxd5 8. Ne5
Nc6 9. O-O Bf5 10. Nxc6 bxc6 11. Bf4 Rc8 12. Na4 Ne4 13. Rc1 Qd7 14. f3 Nd6 15.
g4 Be6 16. Nc5 Qd8 17. b3 Qb6 18. Qd2 Nb5 19. e3 Nd6 20. h4 Nb7 21. Qc2 Nxc5 22.
Qxc5 Rfe8 23. g5 Bd7 24. Be5 f6 25. gxf6 exf6 26. Bf4 Qxc5 27. Rxc5 h6 28. Kf2
g5 29. hxg5 hxg5 30. Bg3 f5 31. f4 g4 32. Rfc1 Kf7 33. Ra5 Ra8 34. b4 a6 35. Bf1
Bf8 36. a3 Ke6 37. Rc3 Kd6 38. Rxa6 Rxa6 39. Bxa6 Ra8 40. Bd3 Be7 41. Bc2 Kc7
42. Kg2 Ra7 43. Be1 Ra8 44. Bd2 Ra7 45. Rd3 Rb7 46. Bc1 Rb8 47. Rd1 Bd6 48. Rh1
Re8 49. Rh7 Kc8 50. Kg3 Rf8 51. Bd2 Rf6 52. a4 Bc7 53. Bd3 Rd6 54. Rf7 Be8 55.
Bxf5+ Kb7 56. Rf8 Bd7 57. Bxd7 Rxd7 58. Kxg4 Rg7+ 59. Kf3 Rg1 60. Rf7 Kb8 61. f5
Rf1+ 62. Ke2 Ra1 63. f6 Rxa4 64. Rf8+ Kb7 65. f7 Bd6 66. Rd8 Kc7 67. Rxd6 1-0

[Event "World Rapid Women 2016"]
[Site "Doha QAT"]
[Date "2016.12.27"]
[Round "6.17"]
[White "Sloan, Julia Elizabeth"]
[Black "Sviridova, Vlada"]
[Result "0-1"]
[WhiteTitle "CM"]
[BlackTitle "WFM"]
[WhiteElo "2173"]
[BlackElo "2144"]
[WhiteFideId "2018950"]
[BlackFideId "24109606"]
[EventDate "2016.12.26"]

1. d4 d5 2. c4 c6 3. Nf3 Nf6 4. Bf4 dxc4 5. e3 b5 6. Ne5 e6 7. a4 Bb7 8. g4 Nd5
9. g5 Bb4+ 10. Nd2 Nxf4 11. exf4 Qxd4 12. Qe2 Bxd2+ 13. Qxd2 Qe4+ 14. Qe3 Qxh1
15. O-O-O O-O 16. Bh3 Qxd1+ 17. Kxd1 Na6 18. Bg2 Rad8+ 19. Kc1 Nb4 20. axb5 Nd3+
21. Nxd3 cxd3 22. bxc6 d2+ 23. Kd1 Ba6 24. Bf3 Rd3 25. Qxa7 Bc4 26. Be2 Bb3# 0-1

[Event "World Rapid Women 2016"]
[Site "Doha QAT"]
[Date "2016.12.27"]
[Round "7.1"]
[White "Dzagnidze, Nana"]
[Black "Muzychuk, Anna"]
[Result "0-1"]
[WhiteTitle "GM"]
[BlackTitle "GM"]
[WhiteElo "2520"]
[BlackElo "2558"]
[WhiteFideId "13601903"]
[BlackFideId "14111330"]
[EventDate "2016.12.26"]

1. Nf3 c5 2. g3 Nc6 3. Bg2 g6 4. c4 Bg7 5. Nc3 e6 6. d3 Nge7 7. O-O O-O 8. Bd2
d5 9. cxd5 exd5 10. a3 h6 11. Rb1 a5 12. Qc1 Kh7 13. Nb5 Qb6 14. a4 Na7 15. Nxa7
Qxa7 16. e4 Be6 17. Bc3 d4 18. Be1 Nc6 19. b3 Nb4 20. Bxb4 cxb4 21. Nd2 Rac8 22.
Nc4 Qc5 23. f4 Rc7 24. Qd2 b6 25. Rbc1 Rfc8 26. e5 f5 27. exf6 Bxf6 28. Be4 Kg7
29. Qe2 Qh5 30. Bf3 Qh3 31. Rfe1 Re7 32. Qd1 h5 33. Rc2 Bxc4 34. Rxe7+ Bxe7 35.
bxc4 Bf6 36. Re2 Qd7 37. Bd5 Re8 38. Rxe8 Qxe8 39. Be4 Qd7 40. Qc2 Be7 41. Kf1
Qh3+ 42. Kg1 h4 43. Qf2 hxg3 44. hxg3 Qd7 45. f5 gxf5 46. Bxf5 Qd6 47. Qf3 Bg5
48. Qg4 Kf6 49. Be4 Qe5 50. Kg2 b3 51. Qh5 Ke7 52. Qh7+ Kd6 53. Qb7 Kc5 54. Qc6+
Kb4 55. Qxb6+ Kc3 56. c5 b2 57. c6 Bd8 58. Qxd8 b1=Q 59. c7 Qc2+ 60. Kf3 Qd1+
61. Kf2 Qd2+ 62. Kf1 Qd1+ 63. Kf2 Qc2+ 64. Kf3 Qh5+ 65. g4 Qd1+ 66. Kf2 Qh2+ 0-1

[Event "World Rapid Women 2016"]
[Site "Doha QAT"]
[Date "2016.12.27"]
[Round "7.4"]
[White "Gunina, Valentina"]
[Black "Javakhishvili, Lela"]
[Result "1/2-1/2"]
[WhiteTitle "GM"]
[BlackTitle "IM"]
[WhiteElo "2525"]
[BlackElo "2461"]
[WhiteFideId "4167570"]
[BlackFideId "13601458"]
[EventDate "2016.12.26"]

1. d4 Nf6 2. c4 e6 3. Nf3 d5 4. g3 dxc4 5. Bg2 Nc6 6. Qa4 Nd7 7. Qxc4 Nb6 8. Qd3
Nb4 9. Qd1 c5 10. O-O Nc6 11. dxc5 Qxd1 12. Rxd1 Bxc5 13. Nc3 O-O 14. Bf4 f6 15.
Ne4 Be7 16. Bd6 e5 17. Rac1 Bxd6 18. Nxd6 Rd8 19. e3 Rb8 20. Rd2 Kf8 21. Nh4 Be6
22. b3 Rd7 23. f4 Rbd8 24. Bxc6 Rxd6 25. Rxd6 Rxd6 26. Bxb7 exf4 27. gxf4 Rd2
28. Be4 Rxa2 29. Bxh7 Nd5 30. Bf5 Bxf5 31. Nxf5 g6 32. Rc8+ Kf7 33. Nd6+ Ke6 34.
Nc4 Kf5 35. Rg8 a5 36. h3 a4 37. Re8 Nxe3 38. Nxe3+ Kxf4 39. Nd5+ Kg3 40. Re3+
Kh4 41. Re4+ Kg3 42. Rxa4 Rb2 43. Rg4+ Kxh3 44. Rb4 Kg3 45. Kf1 f5 46. Nf4 Rb1+
47. Ke2 g5 48. Nd5 f4 49. Nc3 Rb2+ 50. Kd3 f3 51. Ne4+ Kg2 52. Kc3 Re2 53. Nxg5
Re3+ 54. Kd2 Rxb3 55. Rg4+ Kf1 56. Kc2 Ra3 57. Rg3 Ke2 58. Ne4 Ra8 59. Nc3+ Kf2
60. Rg5 Rd8 61. Nd1+ Ke2 62. Re5+ Kf1 63. Rf5 Ke2 64. Nc3+ Ke3 65. Rf7 Rd2+ 66.
Kc1 Rd8 67. Re7+ Kf2 68. Ne4+ Kg2 69. Rf7 Rd3 70. Kc2 Re3 71. Rg7+ Kh2 72. Nf6
Ra3 73. Kd2 Ra2+ 74. Ke3 f2 75. Ng4+ Kh3 76. Nxf2+ Kh4 77. Ne4 Ra3+ 78. Kf4 Kh5
79. Rg1 Ra5 80. Nf6+ Kh6 81. Nd7 Ra2 82. Ne5 Rf2+ 83. Ke3 Ra2 84. Ke4 Rb2 85.
Rg3 Kh7 86. Kf5 Rf2+ 87. Nf3 Ra2 88. Ng5+ Kg7 89. Ne6+ Kf7 90. Rg7+ Ke8 91. Rb7
Rf2+ 92. Nf4 Kd8 93. Ke5 Kc8 94. Rf7 Rb2 95. Kd6 Rb6+ 96. Kc5 Rh6 97. Nd5 Rh1
98. Kc6 Rc1+ 99. Kd6 Rd1 100. Rf2 Kb7 101. Ra2 Rb1 102. Ra3 Rb2 103. Rh3 Rd2
104. Rh7+ Ka6 105. Rc7 Rd1 106. Rc5 Rh1 107. Nc7+ Kb7 108. Rb5+ Ka7 109. Rb2
Rd1+ 110. Kc6 Rc1+ 111. Kd7 Rh1 112. Rb3 Rh2 113. Ne6 Ka6 114. Kc6 Ka5 115. Nd4
Rh6+ 116. Kc5 Rh5+ 117. Kc4 Rh4 118. Rb1 Ka6 119. Rb2 Ka5 120. Rb8 Ka6 121. Kc5
Rh5+ 122. Kd6 Rh6+ 123. Ne6 Ka5 1/2-1/2

[Event "World Rapid Women 2016"]
[Site "Doha QAT"]
[Date "2016.12.27"]
[Round "7.5"]
[White "Kashlinskaya, Alina"]
[Black "Batsiashvili, Nino"]
[Result "1-0"]
[WhiteTitle "IM"]
[BlackTitle "IM"]
[WhiteElo "2429"]
[BlackElo "2482"]
[WhiteFideId "4198026"]
[BlackFideId "13602993"]
[EventDate "2016.12.26"]

1. d4 f5 2. c4 Nf6 3. Nc3 d6 4. Bg5 Nbd7 5. g4 e6 6. gxf5 exf5 7. Qc2 g6 8.
O-O-O Bg7 9. e4 fxe4 10. Nxe4 O-O 11. Bd3 Qe8 12. Re1 Qf7 13. Ne2 Nxe4 14. Bxe4
Nf6 15. Bd3 Bd7 16. Nf4 Rfe8 17. h4 Rxe1+ 18. Rxe1 Re8 19. Rg1 Kh8 20. Kb1 c6
21. a3 b5 22. h5 gxh5 23. Bxf6 Bxf6 24. Bg6 Qxc4 25. Bxe8 Qxc2+ 26. Kxc2 Bxe8
27. Kd3 h4 28. b4 Bd7 29. Ke4 d5+ 30. Ke3 Bf5 31. Nd3 h3 32. Ne5 h6 33. Kf4 Be4
34. f3 Bc2 35. Rh1 Bg5+ 36. Kg4 Be3 37. Nxc6 Kg7 38. Rxh3 Kf6 39. Rh5 Ke6 40.
Re5+ Kd6 41. Rxe3 Kxc6 42. Rc3+ 1-0

[Event "World Rapid Women 2016"]
[Site "Doha QAT"]
[Date "2016.12.27"]
[Round "7.6"]
[White "Tan, Zhongyi"]
[Black "Ju, Wenjun"]
[Result "1-0"]
[WhiteTitle "WGM"]
[BlackTitle "GM"]
[WhiteElo "2496"]
[BlackElo "2579"]
[WhiteFideId "8603642"]
[BlackFideId "8603006"]
[EventDate "2016.12.26"]

1. d4 Nf6 2. c4 e6 3. Nf3 d5 4. cxd5 exd5 5. Nc3 Bd6 6. Bg5 c6 7. e3 h6 8. Bh4
Bf5 9. Bd3 Bxd3 10. Qxd3 Nbd7 11. O-O O-O 12. Rab1 a5 13. a3 Qe7 14. Nd2 Qe6 15.
b4 axb4 16. axb4 Rfe8 17. Bg3 Bxg3 18. hxg3 Ne4 19. Ncxe4 dxe4 20. Qb3 Qf5 21.
Nc4 Re6 22. b5 c5 23. Rfd1 h5 24. Qc2 cxd4 25. exd4 Rae8 26. Ne3 Qg5 27. Qc7 Nf6
28. d5 R6e7 29. Qf4 Qxf4 30. gxf4 Rc8 31. Rd4 Rd7 32. d6 Rc5 33. Nc4 g6 34. b6
Kg7 35. g3 Nd5 36. Rb3 f5 37. Ra3 Kf6 38. Ra8 Rb5 39. Rf8+ Kg7 40. Re8 Kf6 41.
Re5 Nc3 42. Kg2 Rb4 43. Rc5 Ke6 44. Rc7 Nd5 45. Rxd5 Rxc4 46. Re5+ 1-0

[Event "World Rapid Women 2016"]
[Site "Doha QAT"]
[Date "2016.12.27"]
[Round "7.7"]
[White "Goryachkina, Aleksandra"]
[Black "Koneru, Humpy"]
[Result "1/2-1/2"]
[WhiteTitle "WGM"]
[BlackTitle "GM"]
[WhiteElo "2466"]
[BlackElo "2557"]
[WhiteFideId "4147103"]
[BlackFideId "5008123"]
[EventDate "2016.12.26"]

1. d4 e6 2. Nf3 c5 3. g3 cxd4 4. Nxd4 d5 5. Bg2 Nf6 6. O-O e5 7. Nf3 Nc6 8. c4
d4 9. e3 Be7 10. exd4 exd4 11. Re1 O-O 12. Bf4 Be6 13. Ne5 Qb6 14. Nd2 Rac8 15.
Qb3 Bb4 16. Nd3 Ba5 17. Red1 Bg4 18. Nf3 h6 19. h3 Be6 20. Rac1 Rfd8 21. Nde5
Ne7 22. g4 Ne4 23. Qxb6 Bxb6 24. Ne1 f5 25. gxf5 Bxf5 26. N1d3 g5 27. Bh2 Nc6
28. Nxc6 bxc6 29. c5 Bc7 30. Bxc7 Rxc7 31. Re1 Nf6 32. Rcd1 Nd5 33. Re5 Bxd3 34.
Bxd5+ Rxd5 35. Rxd5 cxd5 36. Rxd3 Rxc5 37. Rxd4 Kf7 38. Ra4 a5 39. b4 axb4 40.
Rxb4 Ke6 41. Rb6+ Ke5 42. Rxh6 d4 43. Kf1 Rc1+ 44. Ke2 Rc2+ 45. Ke1 Rxa2 46. h4
g4 47. Rg6 Kf4 48. h5 Ra1+ 49. Ke2 Ra2+ 50. Ke1 Ra1+ 51. Ke2 Ra2+ 52. Ke1 Ra1+ 1/2-1/2

[Event "World Rapid Women 2016"]
[Site "Doha QAT"]
[Date "2016.12.27"]
[Round "7.8"]
[White "Khademalsharieh, Sarasadat"]
[Black "Charochkina, Daria"]
[Result "1-0"]
[WhiteTitle "IM"]
[BlackTitle "IM"]
[WhiteElo "2438"]
[BlackElo "2383"]
[WhiteFideId "12512214"]
[BlackFideId "4180917"]
[EventDate "2016.12.26"]

1. d4 f5 2. c4 Nf6 3. Nc3 e6 4. Qc2 Bb4 5. f3 O-O 6. e3 b6 7. Bd3 Bb7 8. Ne2 c5
9. O-O Nc6 10. Nb5 cxd4 11. exd4 a6 12. Nbc3 Bd6 13. f4 Nb4 14. Qd1 Qe8 15. Bb1
Qg6 16. g3 Qh5 17. a3 Qh3 18. Rf2 Ng4 19. axb4 Nxf2 20. Kxf2 Qxh2+ 21. Ke1 Bxb4
22. Be3 Rac8 23. Bd3 b5 24. cxb5 Bf3 25. Kd2 axb5 26. Qg1 Qh5 27. Qf2 Rc7 28.
Rf1 Be4 29. Bxe4 fxe4 30. Qg2 Qd5 31. Ke1 Ra8 32. Bd2 e3 33. Nxd5 Ra1+ 34. Nc1
Rcxc1+ 35. Ke2 exd2 36. Nxb4 Rxf1 37. Kxd2 Rfd1+ 38. Kc3 Rdc1+ 39. Kb3 Rc4 40.
Qb7 Rxd4 41. Qxb5 Rg1 42. Qg5 Rf1 43. Qc5 Rf3+ 44. Ka2 Rd2 45. Qh5 1-0

[Event "World Rapid Women 2016"]
[Site "Doha QAT"]
[Date "2016.12.27"]
[Round "7.10"]
[White "Zhao, Xue"]
[Black "Saduakassova, Dinara"]
[Result "1/2-1/2"]
[WhiteTitle "GM"]
[BlackTitle "WGM"]
[WhiteElo "2504"]
[BlackElo "2428"]
[WhiteFideId "8601283"]
[BlackFideId "13700090"]
[EventDate "2016.12.26"]

1. d4 Nf6 2. Nf3 e6 3. Bf4 b6 4. e3 Bb7 5. Nbd2 Be7 6. Bd3 Nh5 7. Bg3 c5 8. c3
d6 9. Qe2 Nd7 10. O-O Nxg3 11. hxg3 O-O 12. e4 cxd4 13. cxd4 e5 14. d5 Nc5 15.
Bc4 Rc8 16. Rfc1 Bg5 17. g4 Rc7 18. Rc2 a5 19. Bb5 Bc8 20. Nxg5 Qxg5 21. Nc4 Qg6
22. f3 Rb7 23. Rac1 Rd8 24. Qe3 Rb8 25. b3 Qf6 26. a3 Bd7 27. Bxd7 Nxd7 28. b4
axb4 29. axb4 Qe7 30. Nd2 Nf8 31. Rc6 b5 32. Nb3 Ng6 33. g3 Qf6 34. Rc7 h6 35.
Na5 Re8 36. Kg2 Ra8 37. Rb7 Reb8 38. Rcc7 Rxb7 39. Rxb7 Qd8 40. Rxb5 Qc7 41. Qd2
Rc8 42. Nc6 Ne7 43. Nxe7+ Qxe7 44. Rb6 Rc4 45. b5 Rd4 46. Qc1 Qa7 47. Qc8+ Kh7
48. Rb7 Rd2+ 49. Kh3 Rh2+ 50. Kxh2 Qf2+ 51. Kh3 Qf1+ 52. Kh2 Qf2+ 53. Kh1 Qf1+
54. Kh2 Qf2+ 1/2-1/2